Χάρτινοι φίλοι
| Κύριος συγγραφέας: | |
|---|---|
| Μορφή: | Βιβλίο |
| Γλώσσα: | Greek |
| Έκδοση: |
Επιφανίου
|
MARC
| LEADER | 00000cam a22000001 4500 | ||
|---|---|---|---|
| 001 | 1/14806 | ||
| 010 | |a 978-9963-666-52-2 | ||
| 035 | |l 10015411 | ||
| 100 | |a 20130920d2007 y0grey010503 ga | ||
| 101 | 0 | |a gre | |
| 200 | 1 | |a Χάρτινοι φίλοι |f Χριστίνα Θ. Κόντη | |
| 210 | |a Λευκωσία |c Επιφανίου |d 2007 | ||
| 215 | |a 314 σ. |d 21 εκ. | ||
| 606 | 0 | |a Ελληνική λογοτεχνία | |
| 615 | |a ΛΟΓΟΤΕΧΝΙΑ | ||
| 676 | |a ΕΛ | ||
| 700 | 1 | |a Κόντη |b Χριστίνα Θ. |4 070 | |
| 709 | |a Επιφανίου | ||
| 801 | 0 | |a GR |b ΠΑ.Δ.Α. Βιβλιοθήκη Πανεπιστημιούπολης 2 |c 20130920 |g AACR2 | |
| 852 | |a INST |b LIBRARY |e 20130902 |h ΕΛ ΚΟΝ |p 000035140 |q 000035140 |t BK |y 0 |z 1 | ||
| 852 | |a INST |b LIBRARY |e 20130902 |h ΕΛ ΚΟΝ |p 000035141 |q 000035141 |t BK |y 0 |z 2 | ||
| 909 | |b 035250 | ||
| 909 | |b 035251 (c.2) | ||
| 960 | |a ΣΕΠΤΕΜΒΡΙΟΣ 2013 | ||
Εγγραφή στο Ευρετήριο Αναζήτησης
| _version_ | 1780545237132771328 |
|---|---|
| author | Κόντη Χριστίνα Θ. |
| author_facet | Κόντη Χριστίνα Θ. |
| author_role | 070 |
| author_sort | Κόντη Χριστίνα Θ. |
| author_variant | κ χ θ κχθ |
| building | Campus Library II |
| collection | LIB2 Catalog |
| dewey-raw | ΕΛ |
| dewey-search | ΕΛ |
| format | Book |
| fullrecord | {"leader":"00924cam a22002531 4500","fields":[{"001":"1/14806"},{"010":{"subfields":[{"a":"978-9963-666-52-2"}],"ind1":" ","ind2":" "}},{"035":{"subfields":[{"l":"10015411"}],"ind1":" ","ind2":" "}},{"100":{"subfields":[{"a":"20130920d2007 y0grey010503 ga"}],"ind1":" ","ind2":" "}},{"101":{"subfields":[{"a":"gre"}],"ind1":"0","ind2":" "}},{"200":{"subfields":[{"a":"\u03a7\u03ac\u03c1\u03c4\u03b9\u03bd\u03bf\u03b9 \u03c6\u03af\u03bb\u03bf\u03b9"},{"f":"\u03a7\u03c1\u03b9\u03c3\u03c4\u03af\u03bd\u03b1 \u0398. \u039a\u03cc\u03bd\u03c4\u03b7"}],"ind1":"1","ind2":" "}},{"210":{"subfields":[{"a":"\u039b\u03b5\u03c5\u03ba\u03c9\u03c3\u03af\u03b1"},{"c":"\u0395\u03c0\u03b9\u03c6\u03b1\u03bd\u03af\u03bf\u03c5"},{"d":"2007"}],"ind1":" ","ind2":" "}},{"215":{"subfields":[{"a":"314 \u03c3."},{"d":"21 \u03b5\u03ba."}],"ind1":" ","ind2":" "}},{"606":{"subfields":[{"a":"\u0395\u03bb\u03bb\u03b7\u03bd\u03b9\u03ba\u03ae \u03bb\u03bf\u03b3\u03bf\u03c4\u03b5\u03c7\u03bd\u03af\u03b1"}],"ind1":"0","ind2":" "}},{"615":{"subfields":[{"a":"\u039b\u039f\u0393\u039f\u03a4\u0395\u03a7\u039d\u0399\u0391"}],"ind1":" ","ind2":" "}},{"676":{"subfields":[{"a":"\u0395\u039b"}],"ind1":" ","ind2":" "}},{"700":{"subfields":[{"a":"\u039a\u03cc\u03bd\u03c4\u03b7"},{"b":"\u03a7\u03c1\u03b9\u03c3\u03c4\u03af\u03bd\u03b1 \u0398."},{"4":"070"}],"ind1":" ","ind2":"1"}},{"709":{"subfields":[{"a":"\u0395\u03c0\u03b9\u03c6\u03b1\u03bd\u03af\u03bf\u03c5"}],"ind1":" ","ind2":" "}},{"801":{"subfields":[{"a":"GR"},{"b":"\u03a0\u0391.\u0394.\u0391. \u0392\u03b9\u03b2\u03bb\u03b9\u03bf\u03b8\u03ae\u03ba\u03b7 \u03a0\u03b1\u03bd\u03b5\u03c0\u03b9\u03c3\u03c4\u03b7\u03bc\u03b9\u03bf\u03cd\u03c0\u03bf\u03bb\u03b7\u03c2 2"},{"c":"20130920"},{"g":"AACR2"}],"ind1":" ","ind2":"0"}},{"852":{"subfields":[{"a":"INST"},{"b":"LIBRARY"},{"e":"20130902"},{"h":"\u0395\u039b \u039a\u039f\u039d"},{"p":"000035140"},{"q":"000035140"},{"t":"BK"},{"y":"0"},{"z":"1"}],"ind1":" ","ind2":" "}},{"852":{"subfields":[{"a":"INST"},{"b":"LIBRARY"},{"e":"20130902"},{"h":"\u0395\u039b \u039a\u039f\u039d"},{"p":"000035141"},{"q":"000035141"},{"t":"BK"},{"y":"0"},{"z":"2"}],"ind1":" ","ind2":" "}},{"909":{"subfields":[{"b":"035250"}],"ind1":" ","ind2":" "}},{"909":{"subfields":[{"b":"035251 (c.2)"}],"ind1":" ","ind2":" "}},{"960":{"subfields":[{"a":"\u03a3\u0395\u03a0\u03a4\u0395\u039c\u0392\u03a1\u0399\u039f\u03a3 2013"}],"ind1":" ","ind2":" "}}]}
|
| id | lib2_1/14806 |
| illustrated | Not Illustrated |
| institution | University of West Attica |
| isbn | 978-9963-666-52-2 |
| language | Greek |
| physical | 314 σ. 21 εκ. |
| publishDate | 2007 |
| publisher | Επιφανίου |
| record_format | marc |
| spelling | 20130920d2007 y0grey010503 ga gre Χάρτινοι φίλοι Χριστίνα Θ. Κόντη Λευκωσία Επιφανίου 2007 314 σ. 21 εκ. Ελληνική λογοτεχνία ΛΟΓΟΤΕΧΝΙΑ ΕΛ Κόντη Χριστίνα Θ. 070 Επιφανίου GR ΠΑ.Δ.Α. Βιβλιοθήκη Πανεπιστημιούπολης 2 20130920 AACR2 INST LIBRARY 20130902 ΕΛ ΚΟΝ 000035140 000035140 BK 0 1 INST LIBRARY 20130902 ΕΛ ΚΟΝ 000035141 000035141 BK 0 2 |
| spellingShingle | Κόντη Χριστίνα Θ. Χάρτινοι φίλοι Ελληνική λογοτεχνία ΛΟΓΟΤΕΧΝΙΑ |
| title | Χάρτινοι φίλοι |
| title_auth | Χάρτινοι φίλοι |
| title_full | Χάρτινοι φίλοι Χριστίνα Θ. Κόντη |
| title_fullStr | Χάρτινοι φίλοι Χριστίνα Θ. Κόντη |
| title_full_unstemmed | Χάρτινοι φίλοι Χριστίνα Θ. Κόντη |
| title_short | Χάρτινοι φίλοι |
| topic | Ελληνική λογοτεχνία ΛΟΓΟΤΕΧΝΙΑ |
| topic_facet | Ελληνική λογοτεχνία |